Statistics for Sport Teams By Logos #2

Click here to take the quiz!

General Stats

  • This quiz has been taken 77 times
  • The average score is 12 of 17

Answer Stats

Answer% Correct
Los Angeles Clippers
91%
Detroit Lions
90%
Sacramento Kings
90%
New Orleans Saints
84%
Real Madrid
80%
Boston Bruins
77%
New York Yankees
77%
Los Angeles Angels
70%
Miami Marlins
70%
Celtic
66%
Notre Dame
66%
Crystal Palace
60%
Detroit Tigers
60%
Villanova
56%
Montreal Canadiens
49%
Oklahoma State
47%
Cardiff City
46%

Score Distribution

Percentile by Number Answered

Percent of People with Each Score

Your Score History

You have not taken this quiz